Faydasızlığın faydası : (Record no. 13637)

MARC details
000 -BAŞLIK
Sabit Uzunlukta Kontrol Alanı 00842nam a2200253 4500
999 ## - SİSTEM KONTROL NUMARALARI (KOHA)
Koha Biblionumber 13637
Koha Biblioitemnumber 13637
003 - KONTROL NUMARASI IDENTIFIER
Denetim Alanı MIRAKIL
005 - SON İŞLEM TARİHİ VE ZAMANI
Denetim Alanı 20191128123026.0
008 - SABİT-BOY VERİ ELEMANLARI - GENEL BİLGİLER
Sabit Uzunlukta Kontrol Alanı 191128b tu ||||| |||| 00| 0 tur d
020 ## - ULUSLARARASI STANDART KİTAP NUMARASI
Uluslararası Standart Kitap Numarası 9786053995098
040 ## - KATALOGLAMA KAYNAK
Orijinal Kataloglama Ajansı TR-AnCHP
Metne Dönüştürmek Ajansı TR-AnCHP
041 ## - DİL KODU
Metin / Ses Parça Veya Ayrı Başlığın Dil Kodu tur
082 ## - DEWEY ONLU SINIFLANDIRMA NUMARASI
Sınıflandırma Numarası 144.6
Ürün Numarası O62f 2018
100 ## - ANA GİRİŞ - KİŞİSEL İSİM
Kişisel Ad Ordine, Nuccio
245 10 - BAŞLIK TABLOSU
Başlık Faydasızlığın faydası :
Başlığın Kalan Manifesto/
Sorumluluk Tablosu, Vb Nuccio Ordine ; çeviren Leyla Tonguç Basmacı.
246 ## - UNVAN FORM VARYING
Başlık Doğru / Kısa Başlığı Manifesto
246 ## - UNVAN FORM VARYING
Başlık Doğru / Kısa Başlığı Abraham Flexner’in denemesiyle
260 ## - YAYIN, DAĞITIM, VB
Yayın, Dağıtım, Vb Yeri İstanbul:
Yayıncı, Dağıtıcı, Vs Adı İstanbul Bilgi Üniversitesi yayınları,
Yayın, Dağıtım, Vb Tarihi 2018.
300 ## - FİZİKSEL TANIM
Kapsam 155 s.:
Boyutlar 19 sm.
490 0# - SERİSİ TABLOSU
Seri Beyanı İstanbul Bilgi Üniversitesi yayınları;
-- Felsefe;
Hacim / Ardışık Tanımı 621.
-- 17.
504 ## - KAYNAKÇA VB NOT
Kaynakça Vb Notu Kaynakça ve dizin vardır.
650 #0 - KONU KATMA GİRİŞ - TOPİKAL DÖNEM
9 (RLIN) 34
Topikal Süreli Veya Coğrafi Ad Giriş Elemanı Felsefe
Genel Alt Bölümü Faydacılık
700 1# - KATMA GİRİŞ - KİŞİSEL İSİM
9 (RLIN) 2013
Kişisel Ad Basmacı, Leyla Tonguç
Relator Terim çev.
942 ## - EKLENDİ GİRİŞ ELEMANLARI (KOHA)
Sınıflandırma Veya Raf Düzeni Kaynak Dewey Decimal Classification
Koha Öğesi Türü Books
Holdings
Kalıcı Konum Mevcut Konum Edinme Tarihi Toplam Check-Out'Lar Tam Çağrı Numarası Barkod Tarih Son Görülme İtibaren Geçerli Fiyatlar Koha Öğesi Türü
CHP Kütüphanesi CHP Kütüphanesi 11/28/2019   144.6 O62f 2018 013411 11/28/2019 11/28/2019 Books